| 000 | 00424nam a2200157Ia 4500 | ||
|---|---|---|---|
| 003 | OSt | ||
| 005 | 20230526103924.0 | ||
| 008 | 211028s2017 xx 000 0 und d | ||
| 040 | _cAIMIT LIBRARY | ||
| 041 | _aeng | ||
| 100 |
_aDeepthi; Shetty, Annapoorna. _98682 _e151906 |
||
| 110 |
_aAnnapoorna Shetty _98683 |
||
| 245 | _aItemized report generating system for biblios. | ||
| 260 |
_aMangalore _c2017 |
||
| 942 |
_2ddc _cPRO |
||
| 999 |
_c220010 _d220010 |
||